000 nam a22 a 4500
999 _c539
_d539
003 AKMAL
005 20170504104926.0
008 1 s2005 my e 000 0 may d
020 _a9831970314 (kkt. : jil. 1) :
_cRM15.44
040 _aAKMAL
082 0 4 _a155.9042 TEK
_222
090 0 0 _a155.9042
_bTEK
245 1 _aTeknik pengawalan tekanan emosi & minda /
_cditerjemahkan oleh Rosli Hussain
260 _aKuala Lumpur :
_bSynergy Pub.,
_c[2005]
300 _av, 130ms. ;
_c21cm.
650 0 _aStress management
_91069
650 0 _aStress (Psychology)
_9761
700 0 _aRosli Hussain
_91195
942 _2ddc
_cBOOK